|
|
|
|
| LEADER |
00000ckm a2200000 a 4500 |
| 001 |
vtls001208497 |
| 003 |
SK-MaSNL |
| 005 |
20260331203412.0 |
| 007 |
kf co |
| 008 |
230718s1990 xo g 0kuslo |
| 015 |
|
|
|a SNBG1990
|
| 035 |
|
|
|a SNK000151567
|
| 035 |
|
|
|a urn:nbn:sk:snk-km3lwhh
|
| 035 |
|
|
|a 5318D2A6-9AAD-4BF4-A073-D3B1D3F3EF4A
|
| 035 |
|
|
|a urn:nbn:sk:snk-km00dr74
|
| 040 |
|
|
|a SNK
|b slo
|c SNK
|e AACR2
|
| 041 |
0 |
|
|a slo
|
| 043 |
|
|
|a e-xo---
|
| 044 |
|
|
|a xo
|c SK
|
| 072 |
|
7 |
|a 913
|x Regionálna geografia
|2 konspekt
|
| 080 |
|
|
|a 913(437.6)
|2 2011
|
| 080 |
|
|
|a (084.121)
|2 2011
|
| 080 |
|
|
|a 725.1:613.47-026.651
|2 2011
|
| 080 |
|
|
|a 629.97
|2 2011
|
| 080 |
|
|
|a 640.412
|2 2011
|
| 080 |
|
|
|a 711.582
|2 2011
|
| 100 |
1 |
|
|a Oravec, Igor
|c (fotograf)
|4 pht
|9 283311
|
| 245 |
1 |
0 |
|a Štúrovo
|h grafika
|b termálne kúpalisko : Hotel Šport - športový reál : nová výstavba : pohľad na Ostrihom : termálne kúpalisko
|c foto: Igor Oravec, Milan Šmátrala
|
| 246 |
|
|
|i Názov na obrazovej časti:
|a Štúrovo
|
| 260 |
|
|
|a Bratislava
|b Pravda
|c 1990
|
| 300 |
|
|
|a 1 pohľadnica (5 čiastkové pohľady)
|b farebná
|c 11 x 15 cm
|
| 520 |
8 |
|
|a Zobrazenie: Na striebornom podklade v bielom orámovaní pohľady na návštevníkov termálneho kúpaliska, športový areál, na novú vystavbu a Ostrihomskú baziliku
|
| 650 |
0 |
7 |
|a termálne kúpaliská
|2 SNKPH
|9 4389
|
| 650 |
0 |
7 |
|a lode
|2 SNKPH
|9 28713
|
| 650 |
0 |
7 |
|a hotely
|2 SNKPH
|9 18422
|
| 650 |
0 |
7 |
|a sídliská
|2 SNKPH
|9 26585
|
| 651 |
|
7 |
|a Štúrovo (Slovensko)
|2 SNKPHgeo
|9 27957
|
| 651 |
|
7 |
|a Ostrihom (Maďarsko)
|2 SNKPHgeo
|9 21449
|
| 655 |
|
7 |
|a miestne pohľadnice
|2 SNKPH
|9 70510
|
| 700 |
1 |
|
|a Šmátrala, Milan
|c (fotograf)
|4 pht
|9 164919
|
| 852 |
|
|
|a Slovenská národná knižnica
|
| 954 |
|
|
|a pohľadnice pôvodné (slovenské)
|2 lita
|
| 958 |
|
|
|a GBN
|
| 958 |
|
|
|a TL
|
| 958 |
|
|
|a GC
|
| 958 |
|
|
|a OND
|
| 958 |
|
|
|a EUIPO
|
| 999 |
|
|
|c 1024484
|d 1026414
|
| 952 |
|
|
|a SNK
|b SNK
|y PREZ
|7 0
|p 17A1297624
|o snkSP 144703
|i snk6888/90
|0 0
|1 0
|4 0
|d 2018-11-09
|f 1
|l 0
|r 2026-02-24 13:34:56
|w 2026-02-24
|
| 952 |
|
|
|a SNK
|b SNK
|y PREZ
|7 0
|p 17A1297623
|o snkSP 144703 D1
|i snk6889/90
|0 0
|1 0
|4 0
|d 2018-11-09
|l 0
|r 2026-02-24 13:34:56
|w 2026-02-24
|